000
00219 a2200097 4500
001
12186
100
_a
Khalid Akhtar.Muhammad
245
_a
Chaaki Warrah Main visaal
260
_a
_b
Sang-e-Meel
_c
090
_c
9400
_d
9400
942
_a
NUST-CAE
_c
M
_c
36268
999
_c
247259
_d
247259